000 00306nam a22001457a 4500
008 231016b ||||| |||| 00| 0 eng d
020 _a9780226170312
041 _aeng
080 _a316
082 _a316DUN
100 _a24
101 _aSOCIO
245 _aSLIM'S TABLE
_cDUNEIER M
942 _2udc
_cBK
999 _c60455
_d60455